Ekonomické výhľady OECD: Zvyšovanie zamestnanosti - úloha neskoršieho odchodu do dôchodku

Osobitná kapitola Ekonomického výhľadu OECD sa zameriava na zvýšenie zamestnanosti a na úlohu neskoršieho odchodu do dôchodku. Prehľad priemerného veku odchodu do dôchodku vo vybraných krajinách OECD. Ako ovplyvňujú politiky odchod do dôchodku. Ekonomické politiky zamerané na posunutie odchodu do dô...

Descripción completa

Guardado en:
Detalles Bibliográficos
Autor principal: Bujnovská, Daniela
Formato: Capítulo de libro
Lenguaje:eslovaco
Materias:
Etiquetas: Agregar Etiqueta
Sin Etiquetas, Sea el primero en etiquetar este registro!

MARC

LEADER 00000naa a2200000 4500
001 r048718
005 20231002091054.0
041 0 |a slo 
044 |a SK 
245 1 0 |a Ekonomické výhľady OECD: Zvyšovanie zamestnanosti - úloha neskoršieho odchodu do dôchodku  |c Daniela Bujnovská 
520 |a Osobitná kapitola Ekonomického výhľadu OECD sa zameriava na zvýšenie zamestnanosti a na úlohu neskoršieho odchodu do dôchodku. Prehľad priemerného veku odchodu do dôchodku vo vybraných krajinách OECD. Ako ovplyvňujú politiky odchod do dôchodku. Ekonomické politiky zamerané na posunutie odchodu do dôchodku. Miery nezamestnanosti starších pracovníkov. 
610 2 0 |a politika dôchodková 
610 2 0 |a vek postproduktívny 
610 2 0 |a zamestnanci 
610 2 0 |a politika zamestnanosti 
610 2 0 |a dôchodky starobné 
610 2 0 |a opatrenia 
610 2 0 |a programy 
610 2 0 |a OECD 
100 1 |a Bujnovská, Daniela